000 00474 a2200193 4500
001 133118
020 _a85-260-0722-X
040 _cLeonardo Da Vinci
041 _aPortuguês
082 _aI R576q
_bR576q
100 _aROCHA, Ruth
245 _aQuem tem medo de monstro?
250 _a3.ed
260 _bGlobal
_c2002
_aSão Paulo
362 _a20020000
500 _aMariana Massarani (Ilustração)
697 _aLiteratura infantil
_aMedo
_aMonstro
942 _cBK
999 _c133118
_d133118